[Event "World Rapid 2025"]
[Site "Doha QAT"]
[Date "2025.12.27"]
[Round "6.32"]
[White "Kobalia, Mikhail"]
[Black "Praggnanandhaa, R"]
[Result "0-1"]
[WhiteTitle "GM"]
[BlackTitle "GM"]
[WhiteElo "2537"]
[BlackElo "2761"]
[WhiteFideId "4119150"]
[BlackFideId "25059530"]
[EventDate "2025.12.26"]

1. Nf3 Nf6 2. d4 e6 3. c4 b6 4. g3 Ba6 5. Qc2 c5 6. d5 exd5 7. cxd5 Bb7 8. Bg2
Nxd5 9. O-O Nc6 10. Rd1 Be7 11. Qa4 Nf6 12. e4 O-O 13. e5 Ne8 14. Nc3 Nc7 15.
Be3 f5 16. Rd2 Qe8 17. Rad1 Rd8 18. h4 Kh8 19. Ne2 b5 20. Qa3 Ne6 21. Qc3 c4 22.
a3 a5 23. Nf4 Ba6 24. Qc1 b4 25. Bf1 c3 26. bxc3 Bxf1 27. Kxf1 Nxf4 28. Bxf4
bxa3 29. Nd4 Nxd4 30. Rxd4 Qf7 31. Bg5 Bxg5 32. hxg5 Qb3 33. e6 Qxe6 34. Qxa3 f4
35. Rxf4 Rxf4 36. gxf4 Qh3+ 37. Ke1 Re8+ 38. Kd2 Qf3 39. Qc5 Re2+ 40. Kc1 Qxf4+ 0-1

[Event "World Rapid 2025"]
[Site "Doha QAT"]
[Date "2025.12.27"]
[Round "6.33"]
[White "Urkedal, Frode Olav Olsen"]
[Black "Martinez Alcantara, Jose Eduardo"]
[Result "1/2-1/2"]
[WhiteTitle "GM"]
[BlackTitle "GM"]
[WhiteElo "2568"]
[BlackElo "2667"]
[WhiteFideId "1506102"]
[BlackFideId "3805662"]
[EventDate "2025.12.26"]

1. d4 e6 2. c4 b6 3. Nf3 Bb7 4. g3 Bb4+ 5. Bd2 Bxf3 6. exf3 Bxd2+ 7. Qxd2 Nf6 8.
Nc3 O-O 9. Bg2 c6 10. O-O d5 11. b3 Nbd7 12. f4 g6 13. Rfe1 Ne8 14. Rac1 Nd6 15.
Nd1 Nf6 16. c5 Nf5 17. Nb2 Nd7 18. Bh3 Ng7 19. Nd3 b5 20. a4 bxa4 21. bxa4 Qc7
22. a5 Rfb8 23. Rb1 Ne8 24. Bf1 Ng7 25. Qc3 Nf5 26. Bh3 Ne7 27. Ra1 Rb5 28. Nb4
Qd8 29. Bf1 Rxa5 30. Nxd5 Rxa1 31. Nxe7+ Qxe7 32. Rxa1 Nf6 33. Ra6 Qd7 34. Bg2
Nd5 35. Qb3 Rc8 36. f5 gxf5 37. Bxd5 exd5 38. Qe3 f6 39. Kg2 Kg7 40. Ra1 Rc7 41.
Qf4 Rb7 42. Ra6 Qe6 43. Kh3 h5 44. Qd6 Qe2 45. Rxc6 Qg4+ 46. Kg2 Qe4+ 47. Kh3
Qg4+ 48. Kg2 Qe4+ 1/2-1/2

[Event "World Rapid 2025"]
[Site "Doha QAT"]
[Date "2025.12.27"]
[Round "6.34"]
[White "Tin, Jingyao"]
[Black "Ponomariov, Ruslan"]
[Result "1-0"]
[WhiteTitle "GM"]
[BlackTitle "GM"]
[WhiteElo "2584"]
[BlackElo "2639"]
[WhiteFideId "5804418"]
[BlackFideId "14103320"]
[EventDate "2025.12.26"]

1. d4 Nf6 2. c4 e6 3. Nc3 Bb4 4. e3 O-O 5. Bd3 d5 6. Nf3 c5 7. O-O dxc4 8. Bxc4
Nc6 9. a3 Ba5 10. Qd3 h6 11. Rd1 cxd4 12. exd4 Bc7 13. h3 Re8 14. Ba2 a6 15. Be3
Ne7 16. Ne5 Ned5 17. Rac1 Bd6 18. Bb1 Bd7 19. Ng4 Bc6 20. Nxd5 Bxd5 21. Nxf6+
Qxf6 22. Rc3 Rad8 23. Qh7+ Kf8 24. Rdc1 Bc6 25. Bd3 Bf4 26. Be4 Bxe3 27. fxe3
Bxe4 28. Qxe4 Rd7 29. Rf1 Qg5 30. Rc5 Qg3 31. Rf3 Qe1+ 32. Kh2 Kg8 33. Qe5 Qd2
34. Rg3 f6 35. Qxf6 Qxb2 36. Qxh6 Qf2 37. Rcg5 Ree7 38. Rf3 Qb2 39. Rf8+ Kxf8
40. Qh8+ Kf7 41. Qxg7+ 1-0

[Event "World Rapid 2025"]
[Site "Doha QAT"]
[Date "2025.12.27"]
[Round "6.35"]
[White "Martirosyan, Haik M."]
[Black "Adhiban, Baskaran"]
[Result "0-1"]
[WhiteTitle "GM"]
[BlackTitle "GM"]
[WhiteElo "2625"]
[BlackElo "2557"]
[WhiteFideId "13306553"]
[BlackFideId "5018471"]
[EventDate "2025.12.26"]

1. e4 c6 2. d4 d5 3. e5 Bf5 4. h4 h6 5. Bd3 Bxd3 6. Qxd3 e6 7. c3 c5 8. Ne2 Nc6
9. Nd2 Rc8 10. Nf3 cxd4 11. Nexd4 Nge7 12. h5 Nxd4 13. cxd4 Qa5+ 14. Bd2 Qa6 15.
Qxa6 bxa6 16. Ke2 Nc6 17. Rhc1 Kd7 18. Rc3 Be7 19. Rac1 Rc7 20. Rb3 a5 21. Rb5
a6 22. Rb6 Ra8 23. Kd1 Bd8 24. Rb3 Be7 25. a3 a4 26. Rbc3 Rb8 27. R3c2 Bd8 28.
Be3 Na5 29. Rxc7+ Bxc7 30. Rc2 Nc4 31. Kc1 Rb3 32. Bd2 a5 33. Bc3 Bd8 34. Kd1 g6
35. g4 gxh5 36. gxh5 Nxb2+ 37. Ke2 Nc4 38. Nd2 Nxd2 39. Bxd2 Rxa3 40. Bxh6 Rh3
41. Ra2 Rxh5 42. Be3 Bb6 43. Rxa4 Rh8 44. Ra1 Ra8 45. Kd3 a4 46. Bc1 Rc8 47. Rb1
Rc4 48. Rxb6 Rxc1 49. Ra6 Ra1 50. Kc3 Ra3+ 51. Kb4 Rd3 52. Ra7+ Kc6 53. Rxf7
Rxd4+ 54. Ka3 Re4 55. f4 d4 56. Re7 Kd5 57. Rd7+ Kc4 58. Rc7+ Kb5 59. Rb7+ Kc4
60. Rc7+ Kd3 61. Rc6 Ke2 62. Kb2 d3 63. Rd6 0-1

[Event "World Rapid 2025"]
[Site "Doha QAT"]
[Date "2025.12.27"]
[Round "6.36"]
[White "Van Foreest, Jorden"]
[Black "Lodici, Lorenzo"]
[Result "1-0"]
[WhiteTitle "GM"]
[BlackTitle "GM"]
[WhiteElo "2692"]
[BlackElo "2590"]
[WhiteFideId "1039784"]
[BlackFideId "884189"]
[EventDate "2025.12.26"]

1. Nf3 Nf6 2. b3 g6 3. Bb2 Bg7 4. g3 b6 5. Bg2 Bb7 6. O-O O-O 7. e3 c5 8. Qe2
Nc6 9. Rd1 Rc8 10. c4 Re8 11. d4 cxd4 12. exd4 d5 13. Na3 e6 14. Nc2 Ba6 15. Ne3
Na5 16. Rac1 Bh6 17. Ne5 Nd7 18. Qf3 Nxe5 19. dxe5 Bb7 20. Ng4 Bg7 21. Qf4 Re7
22. Nf6+ Bxf6 23. exf6 Rec7 24. Be5 Rc6 25. Rb1 Qe8 26. cxd5 exd5 27. Re1 Kh8
28. Bxd5 Rc2 29. Bd4 Qd7 30. Qh6 Rg8 31. Re7 Qxd5 32. Qg7+ Rxg7 33. fxg7+ Kg8
34. Re8# 1-0

[Event "World Rapid 2025"]
[Site "Doha QAT"]
[Date "2025.12.27"]
[Round "6.37"]
[White "Ivanchuk, Vasyl"]
[Black "Materia, Marco"]
[Result "1-0"]
[WhiteTitle "GM"]
[BlackTitle "IM"]
[WhiteElo "2607"]
[BlackElo "2497"]
[WhiteFideId "14100010"]
[BlackFideId "45150451"]
[EventDate "2025.12.26"]

1. c4 Nf6 2. Nc3 e5 3. Nf3 Nc6 4. g3 Bb4 5. Bg2 O-O 6. O-O e4 7. Ng5 Bxc3 8.
bxc3 Re8 9. f3 exf3 10. Nxf3 Qe7 11. e3 d6 12. Nd4 Ne5 13. d3 c5 14. Nf5 Bxf5
15. Rxf5 d5 16. cxd5 c4 17. d4 Nd3 18. Bd2 Ne4 19. Bxe4 Qxe4 20. Qf3 Qxf3 21.
Rxf3 Rad8 22. Rb1 Re7 23. e4 Rxe4 24. Rxb7 Re2 25. Bg5 Re1+ 26. Kg2 f6 27. Rxg7+
Kxg7 28. Bxf6+ Kg8 29. Bxd8 Re8 30. Bc7 Ne1+ 31. Kf2 Nxf3 32. Kxf3 Kf7 33. Be5
Re7 34. Ke4 Rb7 35. d6 Ke8 36. Kd5 Kd7 37. Kxc4 Rb2 38. a4 Rxh2 39. Kb3 Rh1 40.
c4 Rb1+ 41. Kc3 Re1 42. Kd2 Re4 43. Kd3 Re1 44. Bf4 Ra1 45. d5 Ra3+ 46. Kc2 Rxa4
47. Kb3 Ra1 48. c5 h6 49. c6+ Ke8 50. Bxh6 Rb1+ 51. Ka2 Rb5 52. d7+ 1-0

[Event "World Rapid 2025"]
[Site "Doha QAT"]
[Date "2025.12.27"]
[Round "6.38"]
[White "Dudin, Gleb"]
[Black "Harikrishna, Pentala"]
[Result "1/2-1/2"]
[WhiteTitle "GM"]
[BlackTitle "GM"]
[WhiteElo "2585"]
[BlackElo "2693"]
[WhiteFideId "34184934"]
[BlackFideId "5007003"]
[EventDate "2025.12.26"]

1. e4 e5 2. Nf3 Nc6 3. Nc3 Nf6 4. h3 Be7 5. d4 d6 6. Be3 O-O 7. Be2 exd4 8. Nxd4
Re8 9. O-O Bd7 10. f4 Nxd4 11. Bxd4 c5 12. Bf2 Bc6 13. Bf3 Qc7 14. Qd3 a6 15. a4
Bf8 16. a5 Re6 17. Bg3 Rae8 18. e5 Nd7 19. Bg4 Rg6 20. f5 Rxg4 21. hxg4 Nxe5 22.
Bxe5 Rxe5 23. Rae1 d5 24. Qg3 Bd6 25. Qh4 d4 26. Nd1 h6 27. f6 Rg5 28. Nf2 Qd7
29. fxg7 Kxg7 30. Ne4 Rxg4 31. Qf6+ Kg8 32. Qf3 Be5 33. Rf2 d3 34. cxd3 Bd4 35.
Nf6+ Bxf6 36. Qxf6 Rg6 37. Qe7 Qd5 38. Ree2 Rg7 39. Qe5 Qxd3 40. Qxc5 Qd1+ 41.
Kh2 Rg5 42. Qc4 Rh5+ 43. Kg3 Rg5+ 44. Kh2 Rh5+ 45. Kg3 Rg5+ 46. Kh2 Rh5+ 1/2-1/2

[Event "World Rapid 2025"]
[Site "Doha QAT"]
[Date "2025.12.27"]
[Round "6.39"]
[White "Svane, Rasmus"]
[Black "Gholami Orimi, Mahdi"]
[Result "0-1"]
[WhiteTitle "GM"]
[BlackTitle "GM"]
[WhiteElo "2608"]
[BlackElo "2515"]
[WhiteFideId "4657101"]
[BlackFideId "12558486"]
[EventDate "2025.12.26"]

1. Nf3 d5 2. b3 Nf6 3. Bb2 Bf5 4. g3 h6 5. Bg2 e6 6. O-O Be7 7. d3 O-O 8. Nbd2
c6 9. Re1 a5 10. a3 Bh7 11. e4 Qb6 12. Qe2 Rd8 13. h3 Nbd7 14. e5 Ne8 15. a4 Nc7
16. Kh2 c5 17. Rec1 Nb8 18. Qe3 Nc6 19. h4 Nb4 20. Ne1 d4 21. Qe2 Ncd5 22. Nc4
Qa6 23. Be4 Bxe4 24. Qxe4 b5 25. axb5 Qxb5 26. Ra4 Ra7 27. Qe2 Rda8 28. Nf3 Bd8
29. Nfd2 Bc7 30. Ne4 Ne7 31. h5 Nc8 32. f4 Nd5 33. Rca1 Ncb6 34. R4a3 a4 35. Qg4
Kh8 36. f5 exf5 37. Qxf5 Qc6 38. Qxf7 Nxc4 39. bxc4 Ne3 40. Qf3 Nxc2 41. Qf5
Nxa1 42. Bxa1 Re8 43. e6 Bb6 44. Ra2 Qxe6 45. Qg6 Qxg6 46. hxg6 Re6 47. Bb2 Rxg6
48. Ba3 Rc6 49. Rb2 Kh7 50. g4 Ra6 51. Kg3 Bc7+ 52. Kf3 Rab6 53. Ra2 Rb3 54. Ke2
Bd6 55. Bc1 Ra6 56. Ba3 Rc6 57. Bc1 Ra6 58. Ba3 Rb8 59. Kd2 Bf8 60. Kc2 Rg6 61.
g5 hxg5 62. Bc1 g4 63. Bf4 Ra8 64. Ra1 a3 65. Ra2 Rb6 66. Bc1 Bd6 67. Kd1 g3 68.
Ke2 Rf8 69. Bxa3 g2 70. Ra1 Bh2 0-1

[Event "World Rapid 2025"]
[Site "Doha QAT"]
[Date "2025.12.27"]
[Round "6.40"]
[White "Amar, Elham"]
[Black "Moussard, Jules"]
[Result "1-0"]
[WhiteTitle "GM"]
[BlackTitle "GM"]
[WhiteElo "2592"]
[BlackElo "2600"]
[WhiteFideId "1533533"]
[BlackFideId "642908"]
[EventDate "2025.12.26"]

1. e4 e5 2. Nf3 Nf6 3. d4 exd4 4. e5 Ne4 5. Qxd4 d5 6. exd6 Nxd6 7. Bd3 Nc6 8.
Qf4 Qf6 9. Qxf6 gxf6 10. a3 Ne5 11. Nxe5 fxe5 12. O-O Bg7 13. Nc3 Be6 14. f4
exf4 15. Bxf4 O-O-O 16. Rae1 h5 17. Be5 Rdg8 18. Bxg7 Rxg7 19. Ne4 Nxe4 20. Bxe4
Rg5 21. Rf4 a5 22. Bf3 c6 23. Kf2 Kd7 24. Re2 h4 25. h3 Rf5 26. Rd4+ Kc7 27.
Ree4 Bd5 28. Rxh4 Rxh4 29. Rxh4 Bxf3 30. gxf3 Rb5 31. b3 Kd6 32. Re4 f5 33. Re2
a4 34. b4 f4 35. Re4 Rh5 36. Kg2 Rh4 37. c4 b5 38. Kh2 bxc4 39. Rxc4 Kd5 40.
Rc5+ Kd4 41. Rxc6 Rh8 42. b5 Ke3 43. Rc3+ Kf2 44. b6 Rb8 45. Rc2+ Kxf3 46. Rb2
Rb7 47. Rb4 Rd7 48. Rb1 Rb7 49. Rb2 Ke3 50. Kg2 Rg7+ 51. Kf1 Rb7 52. h4 Kf3 53.
h5 Ke3 54. h6 f3 55. Rb1 f2 56. Rb2 Kf4 57. Kxf2 Kg5 58. h7 Rxh7 59. Rb5+ Kf4
60. b7 1-0

[Event "World Rapid 2025"]
[Site "Doha QAT"]
[Date "2025.12.27"]
[Round "6.41"]
[White "Karthik, Venkataraman"]
[Black "Amin, Bassem"]
[Result "1-0"]
[WhiteTitle "GM"]
[BlackTitle "GM"]
[WhiteElo "2589"]
[BlackElo "2626"]
[WhiteFideId "25006479"]
[BlackFideId "10601457"]
[EventDate "2025.12.26"]

1. e4 e5 2. Nc3 Nc6 3. g3 Nf6 4. Bg2 Bc5 5. d3 a5 6. Nge2 d6 7. O-O Be6 8. Nd5
O-O 9. Bg5 Bxd5 10. exd5 Nd4 11. Nc3 h6 12. Bxf6 Qxf6 13. Ne4 Qg6 14. c3 Nf5 15.
Nxc5 dxc5 16. Qd2 Nd6 17. Rae1 Rae8 18. Re2 Qg5 19. Qc2 f5 20. Rxe5 Rxe5 21. f4
Qe7 22. fxe5 Qxe5 23. Qf2 b6 24. Re1 Qf6 25. Re6 Qf7 26. Qe3 f4 27. Qxf4 Qxf4
28. gxf4 Rxf4 29. Re7 Rf7 30. Re2 Kf8 31. Bh3 Rf3 32. Bf1 Kf7 33. Re1 Nf5 34.
Re6 Ne7 35. c4 Rf6 36. Re4 g5 37. Be2 Nf5 38. Bh5+ Kg8 39. Re8+ Rf8 40. Re6 Kg7
41. Rg6+ Kh7 42. Rc6 Ne3 43. Rxc7+ Kg8 44. Be2 Rf6 45. Rc6 Kf7 46. d6 Rf4 47. d7
Rd4 48. Rxh6 Rxd7 49. Rxb6 Nc2 50. Rc6 Nd4 51. Bh5+ Ke7 52. Rxc5 Ne6 53. Re5 Kf6
54. Rxe6+ 1-0

[Event "World Rapid 2025"]
[Site "Doha QAT"]
[Date "2025.12.27"]
[Round "6.42"]
[White "Bilguun, Sumiya"]
[Black "Narayanan, S.L."]
[Result "0-1"]
[WhiteTitle "GM"]
[BlackTitle "GM"]
[WhiteElo "2442"]
[BlackElo "2616"]
[WhiteFideId "4901541"]
[BlackFideId "5058422"]
[EventDate "2025.12.26"]

1. e4 c5 2. Nf3 d6 3. d4 cxd4 4. Nxd4 Nf6 5. Nc3 a6 6. f4 e5 7. Nf3 Qc7 8. a4
Be7 9. Bd3 O-O 10. O-O Nc6 11. Kh1 Bd7 12. Qe1 Nb4 13. fxe5 dxe5 14. Qg3 Rae8
15. Qxe5 Bd6 16. Qg5 Ng4 17. Qh4 h6 18. e5 Nxe5 19. Bxh6 Nbxd3 20. cxd3 Ng6 21.
Qd4 f6 22. Bd2 Qc5 23. Qc4+ Be6 24. Qe4 Qh5 25. Rae1 Re7 26. Qd4 Bc5 27. Qe4 Bf7
28. g4 Qh3 29. Qf5 Rxe1 30. Rxe1 Bd6 31. Ne4 Nh4 32. Nxf6+ gxf6 0-1

[Event "World Rapid 2025"]
[Site "Doha QAT"]
[Date "2025.12.27"]
[Round "6.43"]
[White "Donchenko, Alexander"]
[Black "Aditya, Mittal"]
[Result "1/2-1/2"]
[WhiteTitle "GM"]
[BlackTitle "GM"]
[WhiteElo "2661"]
[BlackElo "2624"]
[WhiteFideId "24603295"]
[BlackFideId "35042025"]
[EventDate "2025.12.26"]

1. c4 Nf6 2. Nc3 e5 3. Nf3 Nc6 4. d3 d5 5. cxd5 Nxd5 6. e4 Nf6 7. Be2 h6 8. O-O
Bd6 9. h3 O-O 10. Be3 Re8 11. a3 Bf8 12. Qd2 Nd4 13. Bd1 c5 14. Rb1 b6 15. b4
Ba6 16. b5 Bb7 17. Nh2 c4 18. Ng4 cxd3 19. Nxf6+ Qxf6 20. Qxd3 Rad8 21. Nd5 Qg6
22. Rb3 Bxd5 23. exd5 Nxb3 24. Qxg6 fxg6 25. Bxb3 Bxa3 26. Ra1 Bb2 27. Rxa7 Bd4
28. Rc7 Rd6 29. Rc6 Red8 30. Bxd4 exd4 31. Rc4 d3 32. Kf1 Re8 33. Rd4 Rc8 34.
Bc4 Rxc4 35. Rxc4 Rxd5 36. Ke1 Rxb5 37. Rd4 Rb3 38. Rd7 g5 39. Kd2 Kh7 40. Rd6
Kg8 41. Rd7 Kh7 42. Rd6 h5 43. Ke3 b5 44. Rd5 Kg6 45. Rd6+ Kf5 46. Rd5+ Kf6 47.
Rd6+ Kf5 48. Rd5+ Kg6 49. Rd6+ Kh7 50. Rd5 Kh6 51. Rd6+ g6 52. g3 h4 53. Kf3 d2+
54. Kg4 hxg3 55. fxg3 Rb2 56. Kf3 b4 57. Ke2 b3 58. Rb6 g4 59. hxg4 Kg5 60. Rb4
Ra2 61. Rxb3 Kxg4 62. Kd1 g5 63. Rb5 Kh5 64. Rb4 Kg6 65. g4 Kf6 66. Re4 Rb2 67.
Re2 Rb4 68. Kxd2 Rxg4 69. Ke3 Kg6 70. Kf3 Kh5 71. Re8 Rg1 72. Rh8+ Kg6 73. Kf2
Rg4 74. Kf3 Rh4 1/2-1/2

[Event "World Rapid 2025"]
[Site "Doha QAT"]
[Date "2025.12.27"]
[Round "6.44"]
[White "Bai, Jinshi"]
[Black "Iniyan, Pa"]
[Result "1-0"]
[WhiteTitle "GM"]
[BlackTitle "GM"]
[WhiteElo "2599"]
[BlackElo "2598"]
[WhiteFideId "8602280"]
[BlackFideId "25002767"]
[EventDate "2025.12.26"]

1. Nf3 Nf6 2. g3 c5 3. Bg2 Nc6 4. O-O e5 5. e4 Nxe4 6. Re1 d5 7. c4 Be6 8. Qa4
Qd7 9. cxd5 Bxd5 10. d3 Nf6 11. Nxe5 Nxe5 12. Rxe5+ Be6 13. Nc3 Qxa4 14. Nxa4
Nd7 15. Re2 O-O-O 16. Bf4 h6 17. h4 Nb6 18. Nxc5 Bxc5 19. Rc1 Na4 20. Re4 Bd7
21. b3 f5 22. Rb4 b6 23. bxa4 Bc6 24. a3 Bxg2 25. Kxg2 Kd7 26. Rbc4 Rhe8 27. d4
Bxa3 28. Rc7+ Ke6 29. R1c3 Bb2 30. Re3+ Kd5 31. Rxg7 Bxd4 32. Rxe8 Rxe8 33. Rxa7
Re2 34. Rd7+ Kc4 35. Rxd4+ Kxd4 36. Bxh6 Ke4 37. h5 Ra2 38. Bg7 f4 39. h6 f3+
40. Kg1 Kd5 1-0

[Event "World Rapid 2025"]
[Site "Doha QAT"]
[Date "2025.12.27"]
[Round "6.45"]
[White "Salinas Herrera, Pablo"]
[Black "Bjerre, Jonas Buhl"]
[Result "0-1"]
[WhiteTitle "GM"]
[BlackTitle "GM"]
[WhiteElo "2473"]
[BlackElo "2623"]
[WhiteFideId "3407128"]
[BlackFideId "1444948"]
[EventDate "2025.12.26"]

1. e4 e5 2. Nf3 Nc6 3. Bb5 a6 4. Ba4 Nf6 5. Nc3 Bc5 6. O-O b5 7. Bb3 O-O 8. d3
d6 9. Nd5 h6 10. Nxf6+ Qxf6 11. Bd5 Bd7 12. Be3 Rad8 13. Bxc6 Bxc6 14. Bxc5 dxc5
15. Qe2 Qd6 16. Rfe1 Bd7 17. Qe3 Be6 18. a4 c4 19. dxc4 bxc4 20. Qc3 f6 21. b4
Rb8 22. Reb1 Rb7 23. Qe1 Rfb8 24. c3 c5 25. bxc5 Qxc5 26. h3 Rb3 27. Nd2 Rxb1
28. Rxb1 Rd8 29. Nf1 Rd3 30. Ne3 Qc6 31. a5 Qxe4 32. Rb8+ Kh7 33. Qb1 Bd5 34.
Rb4 f5 35. Nxd5 Qxd5 36. Kh2 Qe4 37. Rb6 Qf4+ 38. Kg1 Rxc3 39. g3 Qf3 40. Qe1
Rd3 41. Rb1 e4 42. Qb4 e3 0-1

[Event "World Rapid 2025"]
[Site "Doha QAT"]
[Date "2025.12.27"]
[Round "6.46"]
[White "Paravyan, David"]
[Black "Galaviz Medina, Sion Radamantys"]
[Result "1-0"]
[WhiteTitle "GM"]
[BlackTitle "IM"]
[WhiteElo "2582"]
[BlackElo "2514"]
[WhiteFideId "4194985"]
[BlackFideId "5123119"]
[EventDate "2025.12.26"]

1. e4 c5 2. Nf3 Nc6 3. Nc3 g6 4. d4 cxd4 5. Nxd4 Bg7 6. Be3 Nf6 7. Bc4 O-O 8.
Qe2 Nxe4 9. Nxc6 bxc6 10. Nxe4 d5 11. O-O-O Qa5 12. Bd4 Bxd4 13. Rxd4 dxc4 14.
Qxc4 Be6 15. Qc3 Qxa2 16. b3 Qa3+ 17. Kb1 Rab8 18. Nc5 Rb5 19. Nxe6 fxe6 20.
Rhd1 Rc5 21. Rc4 Ra5 22. Rd2 Qa2+ 23. Kc1 Qa3+ 24. Qb2 Qxb2+ 25. Kxb2 Rd5 26.
Re2 c5 27. Ra4 Rd7 28. Ra6 e5 29. Rc6 Rfd8 30. Rxc5 Rd2 31. Rcxe5 Rxe2 32. Rxe2
Kf7 33. c4 Kf6 34. Kc3 e5 35. Rd2 Rf8 36. b4 Ke6 37. b5 h5 38. c5 h4 39. c6 h3
40. gxh3 Rf3+ 41. Kb4 1-0

[Event "World Rapid 2025"]
[Site "Doha QAT"]
[Date "2025.12.27"]
[Round "6.47"]
[White "Siddharth, Jagadeesh"]
[Black "Quparadze, Giga"]
[Result "1-0"]
[WhiteTitle "GM"]
[BlackTitle "GM"]
[WhiteElo "2489"]
[BlackElo "2502"]
[WhiteFideId "5818320"]
[BlackFideId "13602250"]
[EventDate "2025.12.26"]

1. e4 c5 2. Nf3 e6 3. Nc3 Nc6 4. d4 cxd4 5. Nxd4 Qc7 6. Be2 Nf6 7. Ndb5 Qb8 8.
f4 a6 9. e5 axb5 10. exf6 b4 11. fxg7 Bxg7 12. Nb5 d5 13. O-O O-O 14. Bd3 f5 15.
c3 bxc3 16. bxc3 Bd7 17. Be3 Ne7 18. a4 Rc8 19. Kh1 Bxb5 20. Bxb5 Qd6 21. Bd4
Ng6 22. Bxg7 Kxg7 23. Qd4+ Kf7 24. Rae1 Rc7 25. g4 Kg8 26. gxf5 exf5 27. Rg1 Rg7
28. Rg5 Rf8 29. Reg1 Rff7 30. Bc4 Rd7 31. Bb3 Qe6 32. h4 h6 33. R5g2 h5 34. Bd1
Qe7 35. Rg5 Rd6 36. Bxh5 Kh7 37. Bf3 Rf7 38. Rh5+ 1-0

[Event "World Rapid 2025"]
[Site "Doha QAT"]
[Date "2025.12.27"]
[Round "6.48"]
[White "Pranav, Anand"]
[Black "Hong, Andrew"]
[Result "0-1"]
[WhiteTitle "GM"]
[BlackTitle "GM"]
[WhiteElo "2591"]
[BlackElo "2568"]
[WhiteFideId "46626786"]
[BlackFideId "2099438"]
[EventDate "2025.12.26"]

1. e4 c5 2. Nf3 d6 3. d4 cxd4 4. Nxd4 Nf6 5. Nc3 Nc6 6. Bg5 e6 7. Qd2 a6 8.
O-O-O Be7 9. Kb1 Rb8 10. f3 Qc7 11. h4 Nxd4 12. Qxd4 b5 13. Qd2 b4 14. Ne2 h6
15. Be3 d5 16. e5 Nd7 17. f4 Nc5 18. Rh3 a5 19. Bd4 a4 20. Qe1 Ne4 21. Ng3 b3
22. cxb3 axb3 23. Rc1 bxa2+ 24. Ka1 Nc5 25. Nh5 Qb6 26. Qg3 Qb4 27. Qc3 Ne4 28.
Qxb4 Bxb4 29. Nxg7+ Kd7 30. Nh5 Rg8 31. Nf6+ Nxf6 32. exf6 Bd2 33. Rc5 Bxf4 34.
Bb5+ Kd8 35. Bc3 Bd7 36. Ba5+ Ke8 37. Rb3 Rxg2 38. Ba4 Bxa4 39. Rxb8+ Bxb8 40.
Rc8+ Kd7 41. Rxb8 e5 42. Rb6 d4 43. Bb4 Bb3 44. Be1 Be6 0-1

[Event "World Rapid 2025"]
[Site "Doha QAT"]
[Date "2025.12.27"]
[Round "6.49"]
[White "Petrov, Nikita"]
[Black "Ansat, Aldiyar"]
[Result "1-0"]
[WhiteTitle "GM"]
[BlackTitle "IM"]
[WhiteElo "2578"]
[BlackElo "2479"]
[WhiteFideId "4101286"]
[BlackFideId "13715658"]
[EventDate "2025.12.26"]

1. d4 d5 2. c4 e6 3. Nc3 Nf6 4. Bg5 dxc4 5. e3 a6 6. Bxc4 b5 7. Bd3 Bb7 8. Nf3
Nbd7 9. O-O Be7 10. Qe2 c5 11. Bxf6 Bxf6 12. dxc5 Bxf3 13. Qxf3 Ne5 14. Qe4 Rc8
15. Rad1 Nxd3 16. Rxd3 Qc7 17. Nd5 Qe5 18. Nxf6+ Qxf6 19. Qd4 Qxd4 20. exd4 Ke7
21. Rfd1 Rhd8 22. Kf1 a5 23. f4 Rd5 24. Ke2 g5 25. fxg5 Rxg5 26. g3 h5 27. Rb3
Rb8 28. a4 b4 29. Re3 h4 30. d5 hxg3 31. hxg3 Rd8 32. dxe6 Rxd1 33. exf7+ Kxf7
34. Kxd1 Rxc5 35. Kd2 Kf6 36. Kd3 Rc8 37. g4 b3 38. Kd4 Rb8 39. Re4 Rc8 40. Re3
Rb8 41. g5+ Kg6 42. Re6+ Kf7 43. Rc6 Kg7 44. Kc3 Rb4 45. Rc4 Rb8 46. Rc5 Ra8 47.
Kxb3 Kg6 48. Kc4 Rb8 49. b3 Ra8 50. b4 axb4 51. Kxb4 Rb8+ 52. Rb5 Rf8 53. Rc5
Rb8+ 54. Kc4 Rb1 55. a5 Kf7 56. a6 Ra1 57. Kb5 Ke6 58. Kb6 Kd6 59. Ra5 1-0

[Event "World Rapid 2025"]
[Site "Doha QAT"]
[Date "2025.12.27"]
[Round "6.50"]
[White "Hakobyan, Aram"]
[Black "Sklokin, Sergey"]
[Result "0-1"]
[WhiteTitle "GM"]
[BlackTitle "FM"]
[WhiteElo "2613"]
[BlackElo "2407"]
[WhiteFideId "13306677"]
[BlackFideId "55730230"]
[EventDate "2025.12.26"]

1. e4 c6 2. d4 d5 3. e5 Bf5 4. Nf3 e6 5. Be2 Nd7 6. O-O h6 7. Nbd2 Ne7 8. Re1 a6
9. Nf1 c5 10. c4 cxd4 11. Nxd4 Bg6 12. Ne3 Nxe5 13. cxd5 Nxd5 14. Nxd5 Qxd5 15.
Qa4+ b5 16. Nxb5 axb5 17. Bxb5+ Ke7 18. Rxe5 Qxe5 19. Qxa8 Qxb5 20. Be3 Qd5 21.
Qb8 f6 22. Rc1 Kf7 23. h3 Qe5 24. Qa8 0-1

[Event "World Rapid 2025"]
[Site "Doha QAT"]
[Date "2025.12.27"]
[Round "6.51"]
[White "Ahmad, Khagan"]
[Black "Droin, Augustin"]
[Result "1-0"]
[WhiteTitle "IM"]
[BlackTitle "IM"]
[WhiteElo "2472"]
[BlackElo "2480"]
[WhiteFideId "13431552"]
[BlackFideId "45105987"]
[EventDate "2025.12.26"]

1. e4 c5 2. Nf3 Nc6 3. Bb5 g6 4. Bxc6 dxc6 5. d3 Qc7 6. h3 e5 7. O-O Nf6 8. a4
Rg8 9. Na3 g5 10. Bxg5 Bxh3 11. Nc4 Bxg2 12. Kxg2 h6 13. Qd2 hxg5 14. Nfxe5 Rd8
15. Rh1 Qc8 16. a5 Qe6 17. Qe3 g4 18. Rh4 Be7 19. Rh6 Bf8 20. Rah1 Bxh6 21. Rxh6
g3 22. fxg3 Qe7 23. Qf4 Nd5 24. exd5 Rxd5 25. Nd6+ Kd8 26. Rh7 Rf8 27. Nexf7+
Kd7 28. Ne5+ Kxd6 29. Nc4+ Kd7 30. Rxe7+ Kxe7 31. Qc7+ 1-0

[Event "World Rapid 2025"]
[Site "Doha QAT"]
[Date "2025.12.27"]
[Round "6.52"]
[White "Warmerdam, Max"]
[Black "Nainys, Zanas"]
[Result "1-0"]
[WhiteTitle "GM"]
[WhiteElo "2573"]
[BlackElo "2307"]
[WhiteFideId "1048104"]
[BlackFideId "12844098"]
[EventDate "2025.12.26"]

1. c4 e6 2. g3 d5 3. Bg2 dxc4 4. Nf3 c5 5. Na3 Nd7 6. O-O Ngf6 7. Nxc4 b5 8.
Nce5 Nd5 9. d4 Bb7 10. e4 N5b6 11. Nxf7 Kxf7 12. Ng5+ Ke8 13. Nxe6 Qf6 14. Nc7+
Kd8 15. e5 Qg6 16. Bxb7 Rb8 17. Qf3 Nxe5 18. dxe5 Kxc7 19. Be4 Qe6 20. Bf5 Qc6
21. Be4 Qe6 22. Bf4 g6 23. Rfd1 Be7 24. Qa3 Na4 25. b3 c4 26. Rd6 Bxd6 27. Qxd6+
Qxd6 28. exd6+ Kd7 29. bxa4 b4 30. Bg2 Rbd8 31. Rd1 c3 32. Bg5 Rdf8 33. Bh3+ Kc6
34. d7 h6 35. Be7 Rf7 36. Bg2+ Kc7 37. d8=Q+ Rxd8 38. Bxd8+ Kc8 39. Ba5 1-0